000 00442nam a22001457a 4500
999 _c9202
_d9202
003 GBCCL
005 20241126110707.0
008 220531b ||||| |||| 00| 0 eng d
040 _cgbc
082 _aSOU BAW
_b2021
245 _aBawklian :
_bBungpilon Gospel centenary souvenir 1921-2021 /
_cedited by Chinzapau Ngaihte
260 _aLamka :
_bBungpilon gospel centenary celebration committee,
_c2022.
300 _a479p. ;
942 _2ddc
_cARCH